000 00852nam a2200253Ia 4500
008 191130s2008##################000#0#eng##
020 _a9780230516809
022 _a2007050066
040 _aACL
_cACL
082 _a305.8001 STE
245 _aHorizontal inequalities and conflict : understanding group violence in multiethnic societies
_cedited by Frances Stewart ; foreword by Kofi Annan
260 _aBasingstoke, Hampshire
_bPalgrave Macmillan
_c2008
300 _axxi, 364 p. : ill. ; 23 cm
500 _aIncludes bibliographical references (p. 326-349) and indexes
650 _aEthnic conflict
650 _aGroup identity
650 _aIntergroup relations
650 _aSocial conflict
650 _aViolence
700 _aStewart, Frances
990 _a612c1891ac10000c756cd13323c2335e
991 _a177449
999 _c206526
_d206526